Disability politics : (Record no. 7600)

MARC details
000 -LEADER
fixed length control field 00986nac a22002531u 4500
010 ## - LIBRARY OF CONGRESS CONTROL NUMBER
LC control number 96208111
020 ## - INTERNATIONAL STANDARD BOOK NUMBER
International Standard Book Number 0415079985
020 ## - INTERNATIONAL STANDARD BOOK NUMBER
International Standard Book Number 0415079993 (pbk.)
035 ## - SYSTEM CONTROL NUMBER
System control number (OCoLC)35596876
082 ## - DEWEY DECIMAL CLASSIFICATION NUMBER
Classification number 323.0870941
Item number RUS
090 ## - LOCALLY ASSIGNED LC-TYPE CALL NUMBER (OCLC); LOCAL CALL NUMBER (OCLC)
-- 7600
-- 7600
100 ## - MAIN ENTRY--PERSONAL NAME
Personal name Campbell, Jane,
245 10 - TITLE STATEMENT
Title Disability politics :
Remainder of title understanding our past, changing our future /
Statement of responsibility, etc Jane Campbell and Mike Oliver.
260 ## - PUBLICATION, DISTRIBUTION, ETC. (IMPRINT)
Place of publication, distribution, etc London ;
-- New York :
Name of publisher, distributor, etc Routledge,1996
Date of publication, distribution, etc 1996.
300 ## - PHYSICAL DESCRIPTION
Extent xv, 223 p. ;
Dimensions 23 cm.
500 ## - GENERAL NOTE
General note distributer: Al-Ahram
504 ## - BIBLIOGRAPHY, ETC. NOTE
Bibliography, etc Includes bibliographical references (p. [210]-212) and index.
511 ## - PARTICIPANT OR PERFORMER NOTE
Participant or performer note catalogued by: wessam
610 20 - SUBJECT ADDED ENTRY--CORPORATE NAME
Corporate name or jurisdiction name as entry element British Council of Disabled People.
650 #0 - SUBJECT ADDED ENTRY--TOPICAL TERM
Topical term or geographic name as entry element People with disabilities
Geographic subdivision Great Britain
General subdivision Political activity.
700 1# - ADDED ENTRY--PERSONAL NAME
Personal name Oliver, Michael,
Dates associated with a name 1945-
856 42 - ELECTRONIC LOCATION AND ACCESS
Materials specified Publisher description
Uniform Resource Identifier <a href="http://www.loc.gov/catdir/enhancements/fy0648/96208111-d.html">http://www.loc.gov/catdir/enhancements/fy0648/96208111-d.html</a>
942 ## - ADDED ENTRY ELEMENTS (KOHA)
Item type Book - Borrowing
Call number prefix 323.0870941 RUS
Holdings
Withdrawn status Item status Damaged status Not for loan Home library Current library Shelving location Date acquired Source of acquisition Total Checkouts Full call number Barcode Date last seen Date last borrowed Koha item type
        Central Library Central Library First floor 31/01/2008 Purchase 1 323.0870941 RUS 000009297 15/07/2025 31/05/2022 Book - Borrowing